| 000 | 00990nam a22003017a 4500 | ||
|---|---|---|---|
| 001 | 6978 | ||
| 003 | FISKH | ||
| 005 | 20250613104248.0 | ||
| 008 | 250613b cb ||||| |||| 00| 0 eng d | ||
| 020 | _a0394893301 | ||
| 040 |
_aFISKH _beng _cFISKH _dFISKH |
||
| 050 | _aPZ7.A1824 S | ||
| 082 | _a 813 | ||
| 100 |
_aAckerman, Karen _d(1951-) |
||
| 245 |
_aSong and dance man / _cBy Karen Ackerman ; Illustrated by Stephen Gammell |
||
| 250 | _aThis edition first published in 1988 | ||
| 260 |
_aOhio : _bAlfred, _c1988 |
||
| 300 |
_a28 unnumbered pages : _bcolor illustrations ; _c28 cm |
||
| 505 | _aN | ||
| 520 | _aGrandpa demonstrates for his visiting grandchildren some of the songs, dances, and jokes he performed when he was a vaudeville entertainer. | ||
| 521 | 8 |
_a580
_bLexile |
|
| 521 | 8 |
_aN
_bRaz-Plus |
|
| 650 |
_2Grandparents _aVaudeville |
||
| 650 |
_2Dance _aEntertainers |
||
| 700 |
_aGammell, Stephen _dillustrator |
||
| 942 |
_2ddc _cBK _n0 |
||
| 999 |
_c6978 _d6978 |
||